LEADER 00852nam0-2200289---450- 001 990008588030403321 005 20071126130234.0 035 $a000858803 035 $aFED01000858803 035 $a(Aleph)000858803FED01 035 $a000858803 100 $a20071122f19001999km-y0itay50------ba 101 0 $afre 102 $aDE 105 $aa-------001yy 200 1 $a<>fumure des plantes tropicales$einstructions et résultats d'expériences 210 $aLeopoldshall-Stassfurt, Allemagne$cSyndicat de vente des mines de potasse$d[19..] 215 $a99 p.$cill.$d23 cm 610 0 $aConcimazione 676 $a631.8$v20$zita 801 0$aIT$bUNINA$gRICA$2UNIMARC 901 $aBK 912 $a990008588030403321 952 $a60 Misc. B 207/11$fFAGBC 959 $aFAGBC 996 $aFumure des plantes tropicales$9710302 997 $aUNINA LEADER 01041nam--2200337---450- 001 990001650770203316 005 20060104105401.0 035 $a000165077 035 $aUSA01000165077 035 $a(ALEPH)000165077USA01 035 $a000165077 100 $a20040511d1967----km-y0itay0103----ba 101 $aita 102 $aIT 105 $a||||||||001yy 200 1 $aPer una fenomenologia della visione dantesca$eLe fasi d'un interiore descensus della visione dantesca, rivoltosi in mistico ascensus$fEgidio Guidubaldi 210 $aMilano$cvita e pensiero$d1967 215 $a144 p.$c22 cm 410 0$12001 454 1$12001 461 1$1001-------$12001 700 1$aGUIDUBALDI,$bEgidio$0194101 801 0$aIT$bsalbc$gISBD 912 $a990001650770203316 951 $aVI.2.B. 30(V B 433)$b61779 L.M.$cV B 959 $aBK 969 $aUMA 979 $aSIAV9$b10$c20040511$lUSA01$h1633 979 $aCOPAT3$b90$c20060104$lUSA01$h1054 996 $aPer una fenomenologia della visione dantesca$9702096 997 $aUNISA LEADER 02087nam 2200589Ia 450 001 9910450888503321 005 20200520144314.0 010 $a1-74076-099-9 035 $a(CKB)1000000000339412 035 $a(EBL)227717 035 $a(OCoLC)57033144 035 $a(SSID)ssj0000284126 035 $a(PQKBManifestationID)11236351 035 $a(PQKBTitleCode)TC0000284126 035 $a(PQKBWorkID)10261015 035 $a(PQKB)11403451 035 $a(MiAaPQ)EBC227717 035 $a(Au-PeEL)EBL227717 035 $a(CaPaEBR)ebr10078588 035 $a(OCoLC)780996424 035 $a(EXLCZ)991000000000339412 100 $a20050401d2004 uy p 101 0 $aeng 135 $aur|n|---||||| 181 $ctxt 182 $cc 183 $acr 200 10$aSelected poems of De?we? Gorod$b[electronic resource] $esharing as custom provides /$ftranslated and edited by Raylene Ramsay & Deborah Walker 210 $aCanberra, Australia $cPandanus Books, Research School of Pacific and Asian Studies, the Australian National University$dc2004 215 $a1 online resource (213 p.) 225 1 $aContemporary writing in the Pacific ;$v2 300 $aDescription based upon print version of record. 311 $a1-74076-087-5 327 $aPreliminaries; Acknowledgements; Introduction; UNDER THE ASHES OF THE CONCH SHELLS; SPEAKING TRUTH; SIGNS OF THE TIMES; THE BEST OF ALL WORLDS; About the translators; 330 $aTranslated collection of poems by New Caledonia writer Déwé Gorodé. 410 0$aContemporary writing in the Pacific ;$v2. 606 $aFrench poetry 607 $aNew Caledonia$vPoetry 608 $aElectronic books. 615 0$aFrench poetry. 676 $a841 676 $a841/.914 700 $aGorode$b De?we?$f1949-$0980365 701 $aWalker$b Deborah$0980366 701 $aRamsay$b Raylene L$0910998 801 0$bMiAaPQ 801 1$bMiAaPQ 801 2$bMiAaPQ 906 $aBOOK 912 $a9910450888503321 996 $aSelected poems of De?we? Gorod$92236759 997 $aUNINA